Statistics for Premier League Football Players Anagrams#1

Click here to take the quiz!

General Stats

  • This quiz has been taken 345 times
  • The average score is 6 of 16

Answer Stats

AnagramAnswer% Correct
orretb htuhRobert Huth
92%
ukle ashwLuke Shaw
74%
adidv ed ageDavid de Gea
68%
xlea ogsnAlex Song
59%
nweyea noyroeWayne Rooney
54%
rchis rtubnChris Brunt
50%
orretb regenRobert Green
47%
adidv lasviDavid Silva
44%
iedog stoacDiego Costa
32%
mjaei avdyrJamie Vardy
32%
eahsyl liisawlmAshley Williams
24%
ffserjone emotnorJefferson Montero
13%
gientloh ibsnaLeighton Baines
12%
eahmre itnslegrRaheem Sterling
12%
daenr dioswmAndre Wisdom
11%
vainmr odlesrMarvin Sordell
5%

Score Distribution

Percentile by Number Answered

Percent of People with Each Score

Your Score History

You have not taken this quiz